000 01774 a2200241 4500
003 MN-UlNLM
005 20220508160600.0
008 a130t2013 mp ||||| |||| 00| 0 mon d
020 _a978-99962-2-619-9
040 _aМонгол Улсын Үндэсний номын сан
084 _2NNA
_a75.715я2
_bМ 692
_q7
110 _aМонголын Үндэсний бөхийн холбоо, Монголын бөхийн хөгжил сан
245 0 _aМонгол бөхийн нэвтэрхий толь
_cРед. Р.Нямдорж
260 1 _aУБ
_bСоёмбо принтинг
_c2013
300 _a679х
_eЗур.
500 _aМонгол үндэсний бөхийн мэхний судалгаа, бөхийн намтар барилдаан, бөхийн сэдэвт ном товхимол, кино, уран зураг, баримал, дуу бүжиг, хөшөө дурсгал зэргийг багтаасан бүтээл.
546 _aMongolia
653 _aСоёл шинжлэх ухаан боловсрол
_aБиеийн тамир спорт
_aСпортын барилдаан
740 _aМонгол бөхийн үндсэн ойлголт.
_aМонгол бөхийн мэх, мэхний хувилбар.
_aМонголын алдарт бөхчүүд.
_aМонгол бөхийн ам бүлийнхэн.
_aМонгол бөхийн сэдэвт бүтээл.
_aМонгол бөхийн сэдэвт ном, товхимол.
_aМонгол бөхийн сэдэвт баримтат болон уран сайхны кино.
_aМонгол бөхийн сэдэвт дуу, бүжиг.
_aЗураасан зураг, уран зураг.
_aБөхийн хөшөө.
856 _aprintbook
942 _cBK
999 _c43208
_d43208